000 00688cam a22002413a 4500
001 19129
003 PGUSA
005 20140828083415.0
008 060827s2006||||xxu|||||s|||||000 1 eng d
040 _aPGUSA
_beng
042 _adc
050 4 _aPS
100 1 _aHankins, Arthur Preston,
_d1880-1932
245 1 4 _aThe She Boss :
_bA Western Story
_h[electronic resource] /
_cArthur Preston Hankins
260 _bProject Gutenberg,
_c2006
506 _aPublic domain in the USA.
516 _aElectronic text
653 _aCalifornia -- Fiction
653 _aWestern stories
830 0 _aProject Gutenberg
_v19129
856 4 0 _uhttp://www.gutenberg.org/ebooks/19129
942 _cEB
999 _c248384
_d248384